Načítá se...

Deewar/

Podrobná bibliografie
Hlavní autor: Kapoor, Prithwiraj
Médium: Printed Book
Jazyk:English
LEADER 00416nam a22001337a 4500
003 OSt
005 20200624134633.0
008 160426b xxu||||| |||| 00| 0 eng d
082 |a 862.K1 DEE 
100 |a Kapoor, Prithwiraj 
245 |a Deewar/ 
942 |2 ddc  |c BK 
999 |c 328792  |d 328792 
952 |0 0  |1 0  |2 ddc  |4 0  |6 862_000000000000000_K1_DEE  |7 0  |9 375382  |a CSC  |b CSC  |c ST1  |d 2016-04-26  |i 476  |l 0  |o 862.K1 DEE  |p CSC476  |r 2016-04-26  |w 2016-04-26  |y BK